Antiques Trade Gazette (Record no. 118676)

MARC details
000 -LEADER
fixed length control field 00799cas a22002175a 4500
001 - CONTROL NUMBER
control field ##L99141
008 - FIXED-LENGTH DATA ELEMENTS--GENERAL INFORMATION
fixed length control field 070608c1971 xxkwr p 0 a0eng
022 1# - ISSN
ISSN 0306-1051
035 ## - SYSTEM CONTROL NUMBER
System control number (Sirsi) u99141
041 0# - LANGUAGE CODE
Language code of text/sound track or separate title eng
245 00 - TITLE STATEMENT
Title Antiques Trade Gazette
260 3# - PUBLICATION INFORMATION
Place of publication London
Publisher Metropress Ltd
520 ## - ABSTRACT
Abstract This is not available at RICS and is for information purposes only. Free registration to website which includes news, auction reports, a price guide, directories and catalogues.
650 ## - KEYWORDS
Keywords JOURNALS
650 ## - KEYWORDS
Keywords Auctioneering
651 #4 - SUBJECT ADDED ENTRY--GEOGRAPHIC NAME
Geographic name United Kingdom
690 ## - LOCAL SUBJECT ADDED ENTRY--TOPICAL TERM (OCLC, RLIN)
Topical term or geographic name as entry element Art and antiques
856 48 - ONLINE RESOURCE
Uniform Resource Identifier https://www.antiquestradegazette.com
Public note View a limited number of articles free of charge by registering at www.antiquestradegazette.com
942 ## - ADDED ENTRY ELEMENTS (KOHA)
Suppress in OPAC Do not suppress in OPAC
Source of classification or shelving scheme Dewey Decimal Classification
948 ## - LOCAL PROCESSING INFORMATION (OCLC); SERIES PART DESIGNATOR (RLIN)
c (OCLC) 21/02/1994
Holdings
Withdrawn status Lost status Damaged status Koha normalized classification for sorting Not for loan Home library Current library Date acquired Total Checkouts Full call number Barcode Date last seen Price effective from Koha item type Public note
      ANTIQUES_TRADE_GAZETTE   Virtual Virtual 23/01/2004   ANTIQUES TRADE GAZETTE 99141-1001 06/08/2019 06/08/2019 Journal  
          Virtual Virtual 23/11/2022       23/11/2022   Online material View a limited number of articles free of charge by registering at www.antiquestradegazette.com